LEADER 01354nam0 22003253i 450 001 VAN00304349 005 20260408111743.804 010 $a978-88-647-3095-0 100 $a20260408d2012 |0itac50 ba 101 $aita 102 $aIT 105 $a|||| ||||| 181 $ai$b e 182 $an 183 $anc 200 1 $aˆIl ‰vecchio e il nuovo nelle politiche dell'oggi$eVerso i partiti di programma$eLe idee di Moro, Berlinguer, Dossetti e Obama$fGiovanni Galloni$gprefazione di Furio Colombo 210 $aRoma$cEditori riuniti university press$d2012 215 $a204 p.$d21 cm 316 $aFondo Ferrara$5IT-IT-CE0105 CONSF.G.2171 410 1$1001VAN00304352$12001 $aPolitica & società$1210 $aRoma$cEditori riuniti university press 620 $dRoma$3VANL000360 700 1$aGalloni$bGiovanni$3VANV002799$03312 702 1$aColombo$bFurio$3VANV010689$4080 712 $aEditori riuniti $3VANV107891$4650 801 $aIT$bSOL$c20260410$gRICA 899 $aBIBLIOTECA DEL DIPARTIMENTO DI GIURISPRUDENZA$1IT-CE0105$2VAN00 912 $aVAN00304349 950 $aBIBLIOTECA DEL DIPARTIMENTO DI GIURISPRUDENZA$d00CONS F.G.2171 $e00FG 2171 20260408 Fondo Ferrara 996 $aVecchio e il nuovo nelle politiche dell'oggi$94558524 997 $aUNICAMPANIA